Turkish Groups of Things - Statistics

General Stats
  • This quiz has been taken 404 times
  • The average score is 23 of 37
Answer Stats
Group Answer % Correct
Largest Cities Ankara
98%
Largest Cities Istanbul
98%
Bordering Countries Armenia
94%
Bordering Seas Black Sea
93%
Bordering Countries Iran
92%
Bordering Countries Greece
91%
Bordering Countries Iraq
91%
Bordering Countries Syria
91%
Bordering Countries Azerbaijan
90%
Bordering Countries Georgia
90%
Bordering Countries Bulgaria
89%
Bordering Seas Mediterranean Sea
87%
Largest Cities Izmir
85%
First 3 Presidents Mustafa Kemal Atatürk
81%
Bordering Seas Aegean Sea
79%
Mesopotamian Rivers Euphrates
74%
Mesopotamian Rivers Tigris
74%
Ethnic Groups Ottomans Committed Genocide Against Armenians
72%
Straits Bosphorus
66%
Bordering Seas Sea of Marmara
65%
Top Football Clubs Galatasaray
59%
Largest Peninsulas Anatolia
57%
Largest Cities Bursa
53%
Ethnic Groups Ottomans Committed Genocide Against Pontic Greeks
52%
Top Football Clubs Fenerbahçe
49%
Top Football Clubs Beşiktaş
43%
Straits Dardanelles
43%
Largest Cities Adana
39%
Largest Cities Gaziantep
36%
"Great" Byzantine Emperors Constantine
35%
"Great" Byzantine Emperors Justinian
33%
First 3 Presidents İsmet İnönü
24%
Largest Peninsulas Balkans
18%
Ethnic Groups Ottomans Committed Genocide Against Assyrians
15%
First 3 Presidents Celâl Bayar
15%
"Great" Byzantine Emperors Theodosius
5%
"Great" Byzantine Emperors Manuel I Komnenos
2%
No matching quizzes found
Score Distribution
Percent of People with Each Score
Percentile by Number Answered
Your Score History
You have not taken this quiz